000 00221nam a22000857a 4500
008 160718b xxu||||| |||| 00| 0 eng d
100 _93036
_aArora S.L
245 _aMove fast with Physics XI
260 _aNew Delhi
_bDhanpat
_c2012
999 _c2599
_d2599